000 00903nam a2200241 i 4500
001 183903
003 ES-MaACL
005 20230906222011.0
008 141119s1966 sp |||| | spa d
080 _a946"711/1492"(093)
100 1 _aIbn 'Abd al-·Hakam, 'Abd al-Ra·hm¯an b. 'Abd All¯ah.
_9155941
245 1 0 _aConquista de África del Norte y de España /
_cIbn Abd al-Hakam ; traducción, introducción, notas e índices por Eliseo Vidal Beltrán.
260 _aValencia :
_bAnubar,
_c1966.
300 _a86 p. ;
_c22 cm.
490 1 _aTextos medievales ;
_v17
500 _aÍndices.
651 7 _aAl-Andalus-
_xHistoria-
_y711-756, Emirato dependiente.
_9155942
651 7 _aMagreb-
_xHistoria-
_y647-1517.
_9155943
700 1 _aVidal Beltrán, Eliseo.
_9155944
830 0 _aTextos medievales ;
_v17
_9179970
852 _aES-MaACL
_jE-15433
_z- enc. tela
999 _c183903
_d183903